Obálka Náhled e-knihy:
PDF
Pro půjčování e-knih musíte být přihlášeni.
Jak si půjčit online?

Byl jednou jeden člověk. Díl 5, Stoletá válka /

Komiksový příběh moudrého Maestra a jeho zvídavých a vtipných přátel. Stoletá válka postaví francouzské království proti anglickému. Černá smrt a bitvy u Kresčaku nebo Poitiers poznamenají celé toto období.

Uloženo v:
Série:Byl jednou jeden člověk, část 5
Hlavní autor: Gaudin, Jean-Charles, 1963- (Autor)
Korporativní autor: Minte (firma) (Ilustrátor)
Další autoři: Barbaud, Jean, 1955- (Autor), Vranová, Kateřina (Ilustrátor)
Médium: E-kniha
Jazyk:Czech
Vydáno: V Praze : Fragment, 2023
Vydání:1. vydání
Edice:Hello maestro!
Témata:
Příbuzné jednotky:Z cyklu:: Byl jednou jeden člověk
Tagy:
Žádné tagy
LEADER 02837nam a2200613 i 4500
001 312079
003 CZ PrSKC
005 20260601215716.0
007 ta
008 230905s2023 xr a b 6 000 0 cze
015 |a cnb003546169 
020 |a 9788025363904  |q (vázáno) 
035 |a (OCoLC)1402156242 
040 |a BOA001  |b cze  |e rda 
041 1 |a cze  |h fre 
045 |a r3s5 
072 7 |a 94(4)  |x Dějiny Evropy  |2 Konspekt 
072 7 |a 0/9-053.2  |x Literatura pro děti a mládež (naučná)  |2 Konspekt 
080 |a 94(410.1+44)"1337/1453"  |2 MRF 
080 |a (03/09)741.52  |2 MRF 
080 |a (0.053.2)  |2 MRF 
100 1 |a Gaudin, Jean-Charles,  |d 1963-  |7 xx0251632  |4 aut 
240 1 0 |a Guerre de cent ans.  |l Česky 
245 1 0 |a Byl jednou jeden člověk.  |n Díl 5,  |p Stoletá válka /  |c scénář: Jean-Charles Gaudin ; komiks podle podle původního scénáře kresleného seriálu Alberta Barillého ; kresby: Jean Barbaud a Minte ; z francouzského originálu Il était une fois l'homme, volume 5 - La guerre de cent ans ... přeložila Kateřina Vranová 
246 3 0 |a Stoletá válka 
250 |a 1. vydání 
264 1 |a V Praze :  |b Fragment,  |c 2023 
300 |a 48 stran :  |b barevné ilustrace ;  |c 30 cm 
336 |a text  |b txt  |2 rdacontent 
336 |a statický obraz  |b sti  |2 rdacontent 
337 |a bez média  |b n  |2 rdamedia 
338 |a svazek  |b nc  |2 rdacarrier 
490 1 |a Hello maestro! 
520 2 |a Komiksový příběh moudrého Maestra a jeho zvídavých a vtipných přátel. Stoletá válka postaví francouzské království proti anglickému. Černá smrt a bitvy u Kresčaku nebo Poitiers poznamenají celé toto období. 
521 8 |a Pro čtenáře od 8 let 
648 4 |a 1337-1453 
650 0 7 |a stoletá válka (1337-1453)  |7 ph202169  |2 czenas 
650 0 9 |a Hundred Years' War (1337-1453)  |2 eczenas 
655 7 |a naučné komiksy  |7 fd1058479  |2 czenas 
655 7 |a publikace pro děti  |7 fd133156  |2 czenas 
655 9 |a nonfiction comics  |2 eczenas 
655 9 |a children's literature  |2 eczenas 
700 1 |a Barbaud, Jean,  |d 1955-  |7 xx0251630  |4 ill 
700 1 |a Vranová, Kateřina  |7 xx0072098  |4 trl 
700 1 |a Barillé, Albert,  |d 1920-2009  |7 pna2008456762  |4 ant 
710 2 |a Minte (firma)  |7 xx0251634  |4 ill 
787 0 8 |i Z cyklu:  |t Byl jednou jeden člověk  |g 5 
830 0 |a Hello maestro! 
900 |a ABA001  |b 21 
928 9 |a Albatros Media - Fragment 
044 |a xr 
910 |a RBIT002 
998 |d 386098  |a https://core.palmknihy.cz/api/books/386098/cover?si874h  |b https://core.palmknihy.cz/api/books/386098/cover/400?si874h  |c https://core.palmknihy.cz/api/books/386098/cover/50?si874h  |e 2028-03-28  |g 48  |i 9788025363904  |k https://core.palmknihy.cz/api/books/386098/preview.pdf  |l   |q 49  |r 1  |s https://www.palmknihy.cz/kniha/386098  |t ebook  |y 2023  |z 0  |v Byl jednou jeden člověk  |w 5 
999 |d 312077